ბათუმის შოთა რუსთაველის სახელმწიფო უნივერსიტეტის ბიბლიოთეკა

ჩანაწერი Topical Term

ჩანაწერთა რაოდენობა, რომელიც გამოყენებულია: 1

001 - CONTROL NUMBER

  • control field: 6875

003 - CONTROL NUMBER IDENTIFIER

  • control field: GE_BSU

005 - DATE AND TIME OF LATEST TRANSACTION

  • control field: 20200207135250.0

008 - FIXED-LENGTH DATA ELEMENTS

  • fixed length control field: 200207|| aca||aabn | a|a d

040 ## - CATALOGING SOURCE

  • Original cataloging agency: GE_BSU
  • Transcribing agency: GE_BSU

150 ## - HEADING--TOPICAL TERM

  • Topical term or geographic name entry element: Differential equations, Linear.

670 ## - SOURCE DATA FOUND

  • Source citation: Work cat.: (GE_BSU)50578: Swift, Randall J. 6873, A course in ordinary differential equations /, c2007.